000 00983nam a2200265 i 4500
001 bg
100 1 _aANISEROWICZ, Karol
245 1 0 _aAnaliza zagadnień kompatybilności elektromagnetycznej w rozległych obiektach narażonych na wyładowania atmosferyczne /
_cKarol Aniserowicz.
260 _aBiałystok :
_bWydawnictwo Politechniki Białostockiej,
_c2005.
300 _a272 s. :
_brys., wykr. ;
_c24 cm.
490 1 _aRozprawy Naukowe / Politechnika Białostocka,
_x0867-096X ;
_vnr 122
500 _aStreszcz. ang.
504 _aBibliogr.
650 9 _aKompatybilność elektromagnetyczna
_xbadanie
650 9 _aPiorun
_xbadanie
650 9 _aPrzepięcie
_xbadanie
650 9 _aOdgromniki
_xbadanie
650 9 _aModele matematyczne
_xstosowanie
830 0 _aRozprawy Naukowe (Politechnika Białostocka) ;
_vnr 122
040 _cBPK
041 0 _apol
_beng
080 _a621.315/.316:621.396:537.8:519.86
942 _cKS
008 s pl f |000 0 pol
999 _c52690
_d52690
856 _uhttp://koha.tu.koszalin.pl/cgi-bin/koha/opac-detail.pl?biblionumber=52690
_yKatalog online BPK